Anténové sústavy uhlomerné metódy založené na využití podpriestorov : skriptá

Bibliographic Details
Main Authors: Kurty, Ján (Author), Nebus, František, 1958- (Author), Kůs, Zdeněk (Author)
Format: Book
Language:Slovak
PhysicalDescription:78 s. sch. 21 cm
Published: Liptovský Mikuláš Vojenská akadémia 2001
ISBN:808040142X
Subjects:

MARC

LEADER 00000nam a2200000 a 4500
001 vtls001417920
003 SK-MaSNL
005 20260301012711.0
008 240509s2001 xo a r y slo
015 |a SNBA2001/11-03712 
020 |a 808040142X 
035 |a SNK000372716 
035 |a urn:nbn:sk:snk-amkn64 
035 |a urn:nbn:sk:snk-am003boz 
035 |a 684581FD-9A94-4847-A1F0-088716899F2B 
040 |a SNK  |b slo  |c SNK  |e AACR2 
041 0 |a slo 
044 |a xo  |c SK 
080 |a 537.8:621.396.67(075.8)  |2 1981 
080 |a 621.336.67(075.8)  |2 1981 
100 1 |a Kurty, Ján  |4 aut  |9 45139 
245 1 0 |a Anténové sústavy  |b uhlomerné metódy založené na využití podpriestorov : skriptá  |c Ján Kurty, František Nebus, Zdeněk Kůs 
260 |a Liptovský Mikuláš  |b Vojenská akadémia  |c 2001 
300 |a 78 s.  |b sch.  |c 21 cm 
500 |a 60 výt. 
504 |a Bibliogr. s. 71-78. Skrat. a symboly 
650 0 7 |a sústavy antémové  |x metódy uhlomerné  |2 SNK  |9 298166 
655 7 |a Textbooks (higher)  |2 SNKPHeng  |9 276436 
655 7 |a učebnice vysokých škôl  |2 SNKPH  |9 70191 
700 1 |a Nebus, František,  |d 1958-  |4 aut  |9 194810 
700 1 |a Kůs, Zdeněk  |4 aut  |9 8725 
919 |a 80-8040-142-X 
958 |a OND 
958 |a TL 
958 |a NB 
958 |a UV 
999 |c 554183  |d 556113 
952 |t P60, <03>, [BOOK], {603}  |a SNK  |b SNK  |y PREZ  |7 0  |p 17A0310282  |o snkSC 105624  |i snkKSP 9262/2001  |0 0  |1 0  |4 0  |d 2001-08-07  |f 1  |l 0  |r 2025-09-26 00:00:00  |w 2026-02-23 
952 |t P60, <04>, [BOOK], {604}  |a SNK  |b SNK  |y VYP  |7 0  |p 17A0310283  |o snkSC 105624 D1  |i snkKSP 9263/2001  |0 0  |1 0  |4 0  |d 2001-08-07  |l 0  |r 2005-01-02 00:00:00  |w 2026-02-23